000 00813nam a2200289Ia 4500
005 20260324130003.0
008 008 260324s9999 xx 000 0 eng d
020 _a9780429083037
037 _aEBOOK
040 _aCRL
040 _beng
040 _cCRL
041 _2eng
041 _aeng
084 _qCRL
100 _aJ. Runge
_91180093
245 0 _aDynamics of Forest Ecosystems in Central Africa During the Holocene: Past - Present - Future
245 0 _bPalaeoecology of Africa, An International Yearbook of Landscape Evolution and Palaeoenvironments, Volume 28
260 _bTaylor and Francis
260 _c2008
365 _a
365 _b400
856 _uhttp://www.taylorfrancis.com/books/9780429083037
942 _cEBOOK
999 _c1775823
_d1775823